Ritmos da história (Record no. 73072)

MARC details
000 -LÍDER
campo de controle de tamanho fixo 00390 a2200169 4500
001 - NÚMERO DE CONTROLE
campo de controle 73072
020 ## - ISBN - INTERNATIONAL STANDARD BOOK NUMBER
ISBN - International Standard Book Number 8576665913
040 ## - FONTE DA CATALOGAÇÃO
Instituição que transcreveu o registro Anchieta - Colégio São Paulo
100 ## - ENTRADA PRINCIPAL--NOME PESSOAL
Nome pessoal Doolhnikoff, Miriam
240 10 - TÍTULO UNIFORME
Título uniforme Ritmos da história
Idioma da obra por
245 10 - TÍTULO
Título Ritmos da história
300 ## - DESCRIÇÃO FÍSICA
Extensão 344
362 0# - DATAS DE PUBLICAÇÃO E/OU DESIGNAÇÃO SEQUENCIAL
Datas de publicação e/ou designação sequencial 2006
440 #1 - DECLARAÇÃO DE SÉRIE/ENTRADA ADICIONADA--TÍTULO
Título Escala Educacional
650 #4 - ASSUNTO--TERMO TÓPICO
Cabeçalho tópico ou nome geográfico História do mundo
942 ## - ELEMENTOS DE ENTRADA ADICIONADOS (KOHA)
Tipo de material Koha Livros

No items available.